000
00242 a2200109 4500
001
20065
082
_a
371.103GRE
090
_c
14659
_d
14659
100
_a
GRE Rivals Green
245
_a
Parents and teachers
260
_b
Allen united Ltd
942
_a
NUST-CAE
_k
371.103GRE
999
_c
255138
_d
255138